01383nam a22002777a 4500003000400000005001700004008004100021040002200062082001800084100002700102245004300129260004700172300001900219366000800238490001300246505012600259505038300385505000900768650004100777650005000818650004400868650004800912650004300960650005501003650004701058OSt20230503171847.0221006b |||||||| |||| 00| 0 eng d cBiblioteca Lado V a709.05bR643f aRoberts, Jameseeditor aFrieze/bContemporary Art And Culture/ bDurian Publications Ltd.aInglaterrac2005 c23x30cma152p. eeng a93v2005 tFONTaState of the Art Letters View from the bridge Laughter tears Informant Debate Books Film Events Technology tBACKaREVIEWS John Baldessari Folk Archive Barry McGee The Invisible Insurrection of Million Minds Enrico David Mike Bouchet Be What you want but stay where you are Rachel Harrison Dionysiac George Herold Jeff Wall Daniel Sinsel Cildo Meireles Lucio Nogueria Will Rogan Icestorn Steven Claydon Tim Hawkinson Clegg & Guttmann Jordan Baseman From the Archives tBACK 2Tesauro de Arte & ArquitecturaaARTE 2Tesauro de Arte & ArquitecturaaEXPOSICIONES  2Tesauro de Arte & ArquitecturaaCULTURA 2Tesauro de Arte & ArquitecturaaAPRECIACION 2Tesauro de Arte & ArquitecturaaTEORIA 2Tesauro de Arte & ArquitecturaaARTE CONTEMPORANEO 2Tesauro de Arte & ArquitecturaaINGLATERRA